[Event "Dhaka Elegant Chess Academy 1st"]
[Site "Dhaka"]
[Date "2024.07.15"]
[Round "5.3"]
[White "Zaeef Maheen, Chowdhury"]
[Black "Nasiruddin, Apu"]
[Result "0-1"]
[WhiteElo "1713"]
[BlackElo "1955"]
[PlyCount "60"]
[EventDate "2024.07.11"]
[EventType "team-tourn"]
[EventRounds "11"]
[EventCountry "BAN"]
[SourceTitle "EXT 2025"]
[Source "ChessBase"]
[SourceDate "2024.10.14"]
[SourceVersion "1"]
[SourceVersionDate "2024.10.14"]
[SourceQuality "1"]
[WhiteTeam "Dhaka CC"]
[BlackTeam "Sadharan Bima Corporation"]
[WhiteTeamCountry "BAN"]
[BlackTeamCountry "BAN"]

1. e4 e6 2. d3 c5 3. Nf3 Nc6 4. c3 Qc7 5. g3 Nf6 6. Bg2 Be7 7. Bg5 h6 8. Bxf6 Bxf6 9. a4 0-0 10. Nbd2 d5 11. h4 Rd8 12. 0-0 d4 13. c4 e5 14. Nh2 Rd6 15. h5 Bd8 16. f4 g6 17. f5 Bg5 18. Ndf3 Be3+ 19. Kh1 gxf5 20. Nh4 f4 21. Nf5 Bxf5 22. exf5 Qe7 23. Qg4+ Kh8 24. gxf4 Rg8 25. Qh3 exf4 26. Ng4 Qg5 27. Nxe3 dxe3 28. Bxc6 e2 29. Rf2 Rxd3 30. Bf3 Rd1+ 0-1

[Event "Asian Academies Hybrid Chess-ch"]
[Site "Tornelo INT"]
[Date "2021.11.27"]
[Round "7.1"]
[White "Khaled Waleed, Abdullah"]
[Black "Zaeef Maheen, Chowdhury"]
[Result "1-0"]
[WhiteElo "1568"]
[BlackElo "1417"]
[PlyCount "49"]
[EventDate "2021.11.21"]
[EventType "team-tourn"]
[EventRounds "7"]
[EventCountry "NET"]
[SourceTitle "EXT 2023"]
[Source "ChessBase"]
[SourceDate "2022.10.05"]
[SourceVersion "1"]
[SourceVersionDate "2022.10.05"]
[SourceQuality "1"]
[WhiteTeam "Aden"]
[BlackTeam "Basir Memorial CA"]
[WhiteTeamCountry "YEM"]
[BlackTeamCountry "BAN"]

1. e4 c5 2. Nf3 Nc6 3. d4 cxd4 4. Nxd4 Nf6 5. Nc3 e5 6. Ndb5 d6 7. Bg5 a6 8. Na3 b5 9. Nd5 Be7 10. Bxf6 Bxf6 11. c3 Be6 12. Nc2 Bg5 13. a4 Rb8 14. axb5 axb5 15. Be2 0-0 16. 0-0 Na5 17. Ncb4 Bxd5 18. Qxd5 Rc8 19. Rfd1 Nc4 20. Qxb5 Nxb2 21. Rdb1 Rc5 22. Qa6 Bd2 23. Nd5 Qb8 24. Qa2 Rxd5 25. Rxb2 1-0

[Event "Asian Academies Hybrid Chess-ch"]
[Site "Tornelo INT"]
[Date "2021.11.21"]
[Round "1.1"]
[White "Zaeef Maheen, Chowdhury"]
[Black "Sakline Mostafa, Sajid"]
[Result "0-1"]
[WhiteElo "1417"]
[BlackElo "1988"]
[PlyCount "58"]
[EventDate "2021.11.21"]
[EventType "team-tourn"]
[EventRounds "7"]
[EventCountry "NET"]
[SourceTitle "EXT 2023"]
[Source "ChessBase"]
[SourceDate "2022.10.05"]
[SourceVersion "1"]
[SourceVersionDate "2022.10.05"]
[SourceQuality "1"]
[WhiteTeam "Basir Memorial CA"]
[BlackTeam "Elegant Int CA"]
[WhiteTeamCountry "BAN"]
[BlackTeamCountry "BAN"]

1. e4 c5 2. Nf3 Nc6 3. d4 cxd4 4. Nxd4 Nf6 5. Nc3 e6 6. a3 d5 7. Bb5 Bd7 8. exd5 exd5 9. 0-0 Be7 10. Re1 0-0 11. h3 h6 12. Bf4 Rc8 13. Bxc6 bxc6 14. Nf3 Re8 15. Ne5 Bf5 16. g4 Bh7 17. Ne2 c5 18. c4 d4 19. Nd3 Bd6 20. Bxd6 Qxd6 21. Ng3 Rxe1+ 22. Nxe1 d3 23. Nf5 Bxf5 24. gxf5 d2 25. Nc2 Rd8 26. Ne3 Rb8 27. Qc2 Qd4 28. Rb1 Ne4 29. b4 Re8 0-1